[Event "Helsingor Xtracon op"]
[Site "Helsingor"]
[Date "2018.07.26"]
[Round "7"]
[White "Christensen, Verner"]
[Black "Rasmussen, Henning H"]
[Result "1-0"]
[WhiteElo "1886"]
[BlackElo "1682"]
[PlyCount "143"]
[EventDate "2018.07.21"]
[EventType "swiss"]
[EventRounds "10"]
[EventCountry "DEN"]
[SourceTitle "CBM 185 Extra"]
[Source "ChessBase"]
[SourceDate "2018.07.29"]
[SourceVersion "1"]
[SourceVersionDate "2018.07.29"]
[SourceQuality "1"]

1. e4 e6 2. d4 d5 3. Nc3 Nf6 4. Bg5 dxe4 5. Nxe4 Be7 6. Bxf6 Bxf6 7. c3 0-0 8. Bd3 Nd7 9. Nf3 Be7 10. Qc2 h6 11. 0-0-0 c6 12. h4 Qc7 13. Kb1 e5 14. Nxe5 Nxe5 15. dxe5 Qxe5 16. Rde1 Qc7 17. f3 Bf5 18. g4 Bxe4 19. Rxe4 Bd6 20. Qd2 Rfe8 21. Rhe1 Rxe4 22. Rxe4 Rf8 23. Bc4 Kh8 24. f4 b5 25. Bb3 a5 26. h5 f5 27. Rd4 Rd8 28. g5 hxg5 29. fxg5 Be7 30. g6 Rxd4 31. Qxd4 Qd8 32. Qf4 c5 33. Qxf5 b4 34. Qd5 Qf8 35. Qf7 Qxf7 36. Bxf7 Bg5 37. Kc2 Be3 38. b3 Bf2 39. c4 Be3 40. Kd3 Bg1 41. Ke4 Bd4 42. Kd5 Bf2 43. Kc6 Be3 44. Kb5 Bd4 45. Kxa5 Bb2 46. Kb5 Bd4 47. Bd5 Be3 48. Kc6 Bd4 49. Kd6 Be3 50. Ke6 Bd4 51. Kf7 Bc3 52. Ke6 Bd4 53. Kf5 Bc3 54. Ke4 Bf6 55. Kd3 Bd4 56. Kc2 Bf6 57. Kb1 Be5 58. a4 bxa3 59. Ka2 Bb2 60. b4 cxb4 61. c5 Bd4 62. c6 Be5 63. Kb3 Bd6 64. Bf7 Bc7 65. Kxb4 Bd6+ 66. Kb3 a2 67. Kxa2 Bc7 68. Kb3 Bd6 69. Kc4 Bf4 70. Kb5 Bc7 71. Ka6 Bf4 72. Kb7 1-0

[Event "Helsingor Xtracon op"]
[Site "Helsingor"]
[Date "2018.07.24"]
[Round "5"]
[White "Rasmussen, Henning H"]
[Black "Fjallheim, Benjamin Reinert"]
[Result "1/2-1/2"]
[WhiteElo "1682"]
[BlackElo "1375"]
[PlyCount "61"]
[EventDate "2018.07.21"]
[EventType "swiss"]
[EventRounds "10"]
[EventCountry "DEN"]
[SourceTitle "CBM 185 Extra"]
[Source "ChessBase"]
[SourceDate "2018.07.29"]
[SourceVersion "1"]
[SourceVersionDate "2018.07.29"]
[SourceQuality "1"]

1. d4 Nf6 2. c4 g6 3. Nc3 Bg7 4. e4 d6 5. f4 0-0 6. Nf3 c5 7. d5 e6 8. Be2 Ne8 9. Qc2 f5 10. exf5 exf5 11. 0-0 Nf6 12. Bd2 Na6 13. a3 Bd7 14. Bd3 Re8 15. Rae1 Rxe1 16. Rxe1 Qf8 17. b3 Re8 18. Qd1 Nc7 19. Rxe8 Qxe8 20. Qe2 Qxe2 21. Nxe2 Kf7 22. Bc3 h6 23. h3 b5 24. Nd2 bxc4 25. bxc4 Ba4 26. Kf1 Na8 27. Ke1 Nb6 28. Ba5 Nfd7 29. Bc3 Nf6 30. Ba5 Nfd7 31. Bc3 1/2-1/2

[Event "Helsingor Xtracon op"]
[Site "Helsingor"]
[Date "2018.07.22"]
[Round "3"]
[White "Rasmussen, Henning H"]
[Black "Mansoor, Areeb"]
[Result "1-0"]
[WhiteElo "1682"]
[BlackElo "1205"]
[PlyCount "81"]
[EventDate "2018.07.21"]
[EventType "swiss"]
[EventRounds "10"]
[EventCountry "DEN"]
[SourceTitle "CBM 185 Extra"]
[Source "ChessBase"]
[SourceDate "2018.07.29"]
[SourceVersion "1"]
[SourceVersionDate "2018.07.29"]
[SourceQuality "1"]

1. d4 Nf6 2. c4 e6 3. Nf3 d5 4. e3 Bb4+ 5. Bd2 Bxd2+ 6. Nbxd2 Nc6 7. Bd3 0-0 8. a3 Re8 9. Ne5 Nxe5 10. dxe5 Nd7 11. Nf3 dxc4 12. Bxc4 b6 13. Bb5 Re7 14. Bc6 Rb8 15. 0-0 Ba6 16. Re1 Nc5 17. b4 Qxd1 18. Rexd1 Nb7 19. b5 Nd8 20. Nd4 Bc8 21. Rd2 Bb7 22. Bxb7 Rxb7 23. Nc6 Nxc6 24. bxc6 Rb8 25. Rad1 Ree8 26. Rd7 Rbc8 27. Kf1 a5 28. a4 g6 29. Ke2 Kg7 30. Kd3 Red8 31. Kc4 Rxd7 32. Rxd7 h6 33. Kb5 Kf8 34. Ka6 Ke8 35. Kb7 Rd8 36. Kxc7 Ra8 37. Kxb6 h5 38. h4 g5 39. Kb7 Rd8 40. Rxd8+ Kxd8 41. c7+ 1-0

[Event "Helsingor Xtracon op"]
[Site "Helsingor"]
[Date "2018.07.21"]
[Round "1"]
[White "Rasmussen, Henning H"]
[Black "Petersson, Baldur Teodor"]
[Result "0-1"]
[WhiteElo "1682"]
[BlackElo "2153"]
[PlyCount "108"]
[EventDate "2018.07.21"]
[EventType "swiss"]
[EventRounds "10"]
[EventCountry "DEN"]
[SourceTitle "CBM 185 Extra"]
[Source "ChessBase"]
[SourceDate "2018.07.29"]
[SourceVersion "1"]
[SourceVersionDate "2018.07.29"]
[SourceQuality "1"]

1. f4 d5 2. Nf3 g6 3. g3 Bg7 4. Bg2 c5 5. 0-0 Nc6 6. d3 Nf6 7. c3 Bg4 8. Qc2 Bxf3 9. Bxf3 Qb6 10. e4 c4+ 11. d4 dxe4 12. Bg2 e5 13. fxe5 Nxe5 14. Bxe4 Nxe4 15. Qxe4 0-0 16. Kh1 Nd3 17. Qg2 Rae8 18. Nd2 Qe6 19. Nf3 Qe2 20. Ng1 Qxg2+ 21. Kxg2 b5 22. Bf4 Re4 23. b3 b4 24. Bd6 bxc3 25. Bxf8 Kxf8 26. bxc4 c2 27. Rac1 Nxc1 28. Rxc1 Bxd4 29. Rxc2 Bxg1 30. Kxg1 Ke7 31. Kf2 Kd6 32. Rd2+ Kc7 33. Rc2 Kc6 34. Kf3 f5 35. h3 Kc5 36. Rd2 Rd4 37. Re2 Rd7 38. Rc2 g5 39. Ke3 Re7+ 40. Kf3 a5 41. h4 gxh4 42. gxh4 Re4 43. Kg3 Rg4+ 44. Kh3 Rxc4 45. Rf2 f4 46. Kg4 Kb4 47. Kg5 Kc3 48. h5 a4 49. Kh6 Kd3 50. Kxh7 Ke3 51. Rb2 f3 52. Kg6 f2 53. Rb1 Rg4+ 54. Kf5 Rg1 0-1

[Event "Lovsprings op-B 13th"]
[Site "Ringsted"]
[Date "2002.04.14"]
[Round "5"]
[White "Pedersen, Kaj Vinding"]
[Black "Rasmussen, Henning H"]
[Result "1/2-1/2"]
[WhiteElo "1623"]
[BlackElo "1815"]
[PlyCount "120"]
[EventDate "2002.03.08"]
[EventType "swiss"]
[EventRounds "7"]
[EventCountry "DEN"]
[SourceTitle "EXT 2023"]
[Source "ChessBase"]
[SourceDate "2022.10.05"]
[SourceVersion "1"]
[SourceVersionDate "2022.10.05"]
[SourceQuality "1"]

1. d4 Nf6 2. Nf3 g6 3. g3 Bg7 4. Bg2 d6 5. c3 0-0 6. 0-0 c6 7. Re1 Qc7 8. Nbd2 e5 9. e4 Re8 10. dxe5 dxe5 11. Qc2 Nbd7 12. b3 Nf8 13. Ba3 Be6 14. Rad1 Red8 15. Ng5 Ne8 16. Bxf8 Bxf8 17. Nxe6 fxe6 18. Bh3 Ng7 19. Nf3 Be7 20. Rxd8+ Rxd8 21. Rd1 Bf6 22. Rxd8+ Qxd8 23. Qd2 Qe7 24. a4 g5 25. g4 Ne8 26. Ne1 h6 27. Bf1 Nd6 28. f3 Nf7 29. Kg2 Nh8 30. Nd3 Ng6 31. Qe3 b6 32. c4 Qa3 33. Nf2 Nf4+ 34. Kg1 Be7 35. Qc3 Ng6 36. Nd3 Bc5+ 37. Kh1 Bd4 38. Qc2 Qa1 39. Qc1 Qa2 40. Qd1 c5 41. Be2 Nf4 42. Nxf4 exf4 43. h3 e5 44. Kg2 Qb2 45. Kh1 Qc3 46. Bd3 Kf7 47. Kg2 Ke7 48. Kf1 Kd6 49. Ke2 Kc7 50. Qc2 Qa1 51. Qb1 Qa3 52. Qc2 Qb4 53. Qd1 Kb7 54. Bc2 Ka6 55. Qd2 Qa3 56. Qd1 Qb2 57. Kf1 Kb7 58. Ke2 Kc7 59. Kf1 a6 60. Ke2 Kc6 1/2-1/2

[Event "Lovsprings op 07th B"]
[Site "Ringsted"]
[Date "1995.05.19"]
[Round "7"]
[White "Rasmussen, Henning H"]
[Black "Larsen, Bjorn"]
[Result "0-1"]
[WhiteElo "1765"]
[BlackElo "1881"]
[PlyCount "116"]
[EventDate "1995.03.10"]
[EventType "swiss"]
[EventRounds "7"]
[EventCountry "DEN"]
[SourceTitle "EXT 2023"]
[Source "ChessBase"]
[SourceDate "2022.10.05"]
[SourceVersion "1"]
[SourceVersionDate "2022.10.05"]
[SourceQuality "1"]

1. e4 c5 2. d4 cxd4 3. c3 dxc3 4. Nxc3 Nc6 5. Nf3 d6 6. Bc4 e6 7. 0-0 Nf6 8. Qe2 Be7 9. Rd1 e5 10. h3 0-0 11. Bg5 Be6 12. Rac1 Rc8 13. Bxf6 Bxf6 14. Nd5 Bxd5 15. Bxd5 Qd7 16. Qd2 Rfd8 17. Bb3 h6 18. Ba4 Qe7 19. a3 Bg5 20. Nxg5 hxg5 21. Bxc6 Rxc6 22. Rc3 Rdc8 23. Rdc1 Kh7 24. Qe3 Rc5 25. R1c2 f6 26. Qf3 Kh6 27. g4 Qe6 28. Qe3 b6 29. b4 Rxc3 30. Rxc3 Kg6 31. Rxc8 Qxc8 32. Qd3 Qc6 33. b5 Qc5 34. Kf1 Kf7 35. Ke2 Ke7 36. Qb3 d5 37. exd5 Kd6 38. Qd3 Qxd5 39. Qb1 Qc4+ 40. Kd2 Kc5 41. Qg6 Qa2+ 42. Ke1 Kd4 43. f3 Qxa3 44. Qe4+ Kc5 45. Qc6+ Kb4 46. Kf2 Qa5 47. Qd7 Qxb5 48. Qxa7 Qc5+ 49. Kg2 b5 50. Qxg7 Qd6 51. Qh7 Kc3 52. Qb1 Qd2+ 53. Kg3 b4 54. Qa1+ Kd3 55. Qb1+ Ke2 56. Qe4+ Kf1 57. Qc4+ Kg1 58. Qc5+ Kh1 0-1

[Event "Lovsprings op 07th B"]
[Site "Ringsted"]
[Date "1995.03.17"]
[Round "2"]
[White "Lindskov, Villy"]
[Black "Rasmussen, Henning H"]
[Result "1/2-1/2"]
[WhiteElo "1760"]
[BlackElo "1765"]
[PlyCount "43"]
[EventDate "1995.03.10"]
[EventType "swiss"]
[EventRounds "7"]
[EventCountry "DEN"]
[SourceTitle "EXT 2023"]
[Source "ChessBase"]
[SourceDate "2022.10.05"]
[SourceVersion "1"]
[SourceVersionDate "2022.10.05"]
[SourceQuality "1"]

1. e4 d5 2. exd5 Qxd5 3. Nc3 Qa5 4. d4 Nf6 5. Nf3 Bf5 6. Bc4 e6 7. Bd2 c6 8. Ne5 Bb4 9. Qe2 Bxc3 10. Bxc3 Qc7 11. f3 h5 12. 0-0-0 Nd5 13. Bd2 Nd7 14. Nxd7 Qxd7 15. Bd3 Bxd3 16. Qxd3 0-0-0 17. c4 Nc7 18. Bf4 f6 19. Qa3 Qf7 20. Bxc7 Kxc7 21. Rhe1 Kb8 22. Qc3 1/2-1/2

[Event "Lovfalds 08th B"]
[Site "Ringsted"]
[Date "1994.09.23"]
[Round "4"]
[White "Larsen, Soren Michael"]
[Black "Rasmussen, Henning H"]
[Result "1-0"]
[WhiteElo "1854"]
[BlackElo "1786"]
[PlyCount "72"]
[EventDate "1994.09.02"]
[EventType "tourn"]
[EventRounds "5"]
[EventCountry "DEN"]
[SourceTitle "EXT 2023"]
[Source "ChessBase"]
[SourceDate "2022.10.05"]
[SourceVersion "1"]
[SourceVersionDate "2022.10.05"]
[SourceQuality "1"]

1. e4 d5 2. exd5 Qxd5 3. Nc3 Qa5 4. d4 Nf6 5. Bc4 c6 6. Nf3 Bf5 7. 0-0 e6 8. Bd2 Bb4 9. a3 Bxc3 10. Bxc3 Qc7 11. Re1 0-0 12. Bb4 Rd8 13. Qe2 a5 14. Bc3 Ne4 15. Qe3 Nxc3 16. Qxc3 Nd7 17. Bd3 Bxd3 18. Qxd3 Nf6 19. Qe3 b5 20. Ne5 Rd5 21. Rac1 Rad8 22. c4 Rxd4 23. cxb5 Re4 24. Qc5 Rxe1+ 25. Rxe1 Rd5 26. Qxc6 Qxc6 27. bxc6 Rc5 28. b4 axb4 29. axb4 Rc2 30. b5 Nd5 31. Ra1 g6 32. g3 f6 33. Nd7 Kg7 34. Ra7 Kh6 35. Nf8 e5 36. Kg2 Rc5 1-0

[Event "Lovsprings op 05th A"]
[Site "Ringsted"]
[Date "1993.05.14"]
[Round "6"]
[White "Rasmussen, Henning H"]
[Black "Hansen, Hans Henrik"]
[Result "0-1"]
[WhiteElo "1940"]
[BlackElo "2109"]
[PlyCount "172"]
[EventDate "1993.03.26"]
[EventType "swiss"]
[EventRounds "6"]
[EventCountry "DEN"]
[SourceTitle "EXT 2023"]
[Source "ChessBase"]
[SourceDate "2022.10.05"]
[SourceVersion "1"]
[SourceVersionDate "2022.10.05"]
[SourceQuality "1"]

1. Nf3 Nf6 2. c4 e6 3. Nc3 c5 4. e4 Nc6 5. d4 cxd4 6. Nxd4 Bb4 7. Qd3 0-0 8. Bd2 Qb6 9. Nc2 Bc5 10. Be3 Bxe3 11. fxe3 Qc5 12. Be2 b6 13. 0-0 Bb7 14. Rf2 Rac8 15. b3 Rfd8 16. Raf1 d6 17. Kh1 Rd7 18. Nd4 Ne5 19. Qc2 a6 20. a4 Ng6 21. Bf3 Qe5 22. h3 Rdc7 23. Nde2 b5 24. axb5 axb5 25. Qd2 bxc4 26. b4 Ra8 27. Qd4 Bc8 28. Rd1 Ne8 29. Rff1 Rb7 30. b5 Bd7 31. Qxc4 Bxb5 32. Nxb5 Rxb5 33. Qd4 Rab8 34. Qxe5 Nxe5 35. Kg1 Kf8 36. Kf2 Ke7 37. Rd2 Rb2 38. Rfd1 Nc4 39. Rxb2 Rxb2 40. Re1 Nf6 41. g4 h6 42. Bg2 Ne5 43. Ra1 Nfd7 44. Bf3 Nc5 45. Kg3 Nxe4+ 46. Bxe4 Rxe2 47. Ra3 d5 48. Bf3 Re1 49. Kf2 Nxf3 50. Kxf3 Kf6 51. h4 Ke5 52. Ra7 Rf1+ 53. Ke2 Rg1 54. Kf3 Kf6 55. Ra6 Rh1 56. Kg3 Rc1 57. Ra3 Rc4 58. Ra2 Re4 59. Kf3 Kg6 60. Ra7 h5 61. gxh5+ Kf6 62. Ra8 Rxh4 63. Rh8 Rh3+ 64. Kf2 Ke5 65. Rh7 f5 66. Rxg7 Rxh5 67. Rg6 Rh3 68. Ke2 Rh4 69. Kf3 d4 70. exd4+ Rxd4 71. Rh6 Ra4 72. Ke3 Ra3+ 73. Ke2 Kd5 74. Rh5 Ke4 75. Rh4+ f4 76. Rh6 e5 77. Rb6 Ra2+ 78. Ke1 f3 79. Rb4+ Ke3 80. Rb3+ Kf4 81. Rb4+ e4 82. Rb1 e3 83. Kf1 Kg3 84. Kg1 Rg2+ 85. Kh1 Rh2+ 86. Kg1 f2+ 0-1

[Event "Lovsprings op 05th A"]
[Site "Ringsted"]
[Date "1993.04.30"]
[Round "5"]
[White "Rasmussen, Henning H"]
[Black "Larsen, Bjorn"]
[Result "1-0"]
[WhiteElo "1940"]
[BlackElo "1908"]
[PlyCount "157"]
[EventDate "1993.03.26"]
[EventType "swiss"]
[EventRounds "6"]
[EventCountry "DEN"]
[SourceTitle "EXT 2023"]
[Source "ChessBase"]
[SourceDate "2022.10.05"]
[SourceVersion "1"]
[SourceVersionDate "2022.10.05"]
[SourceQuality "1"]

1. Nf3 f5 2. g3 Nf6 3. Bg2 g6 4. 0-0 Bg7 5. c4 d6 6. d4 0-0 7. Nc3 Nc6 8. d5 Ne5 9. Nxe5 dxe5 10. e4 f4 11. b4 g5 12. Bb2 Bd7 13. c5 Qe8 14. a4 Ng4 15. h3 Qh5 16. c6 bxc6 17. dxc6 Be6 18. Nd5 f3 19. hxg4 Bxg4 20. Bh1 Rad8 21. Ra3 Rd6 22. Nxe7+ Kh8 23. Qxd6 cxd6 24. c7 Qf7 25. Nd5 Qd7 26. Rc1 Rc8 27. b5 Be6 28. Bxf3 g4 29. Bg2 Bh6 30. Rc2 Bxd5 31. exd5 Rxc7 32. Rxc7 Qxc7 33. Rc3 Qa5 34. Rc8+ Kg7 35. Bc3 Qxa4 36. Rc7+ Kf6 37. Bf1 Bf8 38. Rxh7 Bg7 39. Rh5 Qb3 40. Bd2 Qxd5 41. Be3 Qf7 42. Rg5 Bh6 43. Rxg4 Bxe3 44. fxe3 Qa2 45. e4 Qd2 46. Rh4 Kg5 47. Bg2 Qd3 48. Kh2 Qxb5 49. Rh8 a5 50. Rg8+ Kf6 51. Rf8+ Kg7 52. Ra8 a4 53. Ra7+ Kf8 54. Ra8+ Ke7 55. Ra7+ Kd8 56. g4 Kc8 57. g5 Kb8 58. Rf7 Qe2 59. Rf3 Qd2 60. Rg3 a3 61. Rxa3 Qxg5 62. Rb3+ Kc7 63. Rc3+ Kd8 64. Rh3 Qf4+ 65. Kg1 Kc7 66. Rc3+ Kb6 67. Rd3 Qf6 68. Rd5 Kc6 69. Kh2 Kd7 70. Bh3+ Ke7 71. Bg2 Kf7 72. Kg1 Kg6 73. Kh2 Kg5 74. Rd3 Kg4 75. Rg3+ Kf4 76. Rf3+ Kg5 77. Rxf6 Kxf6 78. Kg3 Ke7 79. Kg4 1-0